| 000 | 00000nam 2200000za 4500 |
| 001 | 9.699508 |
| 003 | CaOODSP |
| 005 | 20250303104651 |
| 007 | cr ||||||||||| |
| 008 | 150407s1951||||xxca||||o f000 0 eng d |
| 040 | |aCaOODSP|beng |
| 043 | |an-cn--- |
| 086 | 1 |aA53-845/1951E-PDF |
| 100 | 1 |aGervais, Paul. |
| 245 | 10|aLadino clover / |h[electronic resource] / |c[Paul Gervais]. |
| 260 | |aOttawa : |bDepartment of Agriculture, |c1951. |
| 300 | |a4 p. : |bill. |
| 500 | |a"Reprinted Nov. 1951". |
| 500 | |aHistorical publication digitized by Agriculture and Agri-Food Canada. |
| 500 | |aAlso issued in French as part of series "Circular" under the title : Le trèfle Ladino. See Catalogue No. A13-1/189-1950F-PDF. |
| 590 | |a15-01-Supp|b2015-01-26 |
| 690 | 07|aGrasslands|2gcpds |
| 690 | 07|aForage crops|2gcpds |
| 710 | 1 |aCanada. |bDepartment of Agriculture. |
| 710 | 1 |aCanada. |bExperimental Farms Service. |
| 775 | 08|tLe trèfle Ladino |w(CaOODSP)9.607162 |
| 856 | 40|ahttp://publications.gc.ca|qPDF|s807 KB|uhttps://publications.gc.ca/collections/collection_2014/aac-aafc/agrhist/A53-845-1951-eng.pdf |
| 986 | |aPublication 845 |